The German shepherd dog : a genetic history

Bibliographic Details
Main Author: Willis, Malcolm B
Format: Book
Published: Great Britain : H.F.& G. Witherby Ltd , 1991
Subjects:

MARC

LEADER 00000cam a2200000 7i4500
001 0000007815
002 000008386
005 20000330.0
020 |a 0854932070 
090 0 0 |a 636.737   |b WIL 
100 1 |a Willis, Malcolm B 
245 1 4 |a The German shepherd dog :   |b a genetic history   |c Malcolm B.Willis 
260 |a Great Britain :   |b H.F.& G. Witherby Ltd ,   |c 1991 
300 |a 439p. ;   |c 26cm. 
650 0 0 |a Dogs 
999 |a 052950   |b BUKU   |c PINJAMAN   |e PERPUSTAKAAN KOMUNITI PETALING JAYA 
999 |a 052951   |b BUKU   |c PINJAMAN   |e PERPUSTAKAAN KOMUNITI PETALING JAYA